000 00741nam a2200289Ia 4500
005 20260324113444.0
008 008 260324s9999 xx 000 0 eng d
020 _a9781003265740
037 _aEBOOK
040 _aCRL
040 _beng
040 _cCRL
041 _2eng
041 _aeng
084 _qCRL
100 _aGeorge Forji Amin
_91146841
245 0 _aInternational Law and the History of Resource Extraction in Africa
245 0 _bCapital Accumulation and Underdevelopment, 1450-1918
260 _bTaylor and Francis
260 _c2023
365 _a
365 _b220
856 _uhttp://www.taylorfrancis.com/books/9781003265740
942 _cEBOOK
999 _c1736499
_d1736499